000
00216nam a2200085Ia 4500
245
0
_a
In my family
100
_a
Porter, Anna Australia, 2009
_9
79166
942
_c
BK
008
210817s9999 xx 000 0 und d
999
_c
275260
_d
275258